Statistics for Latvia Country Quiz

Click here to take the quiz!

General Stats

  • This quiz has been taken 8,169 times
    (8,039 since last reset)
  • The average score is 15 of 20

Answer Stats

Hint Answer % Correct
Countries that border LatviaEstonia
99%
Countries that border LatviaLithuania
99%
Countries that border LatviaRussia
99%
Country from which Latvia gained its independence in 1991Soviet Union
97%
Capital cityRiga
96%
Sea on which Latvia liesBaltic Sea
96%
Countries that border LatviaBelarus
94%
About 52% of Latvian land is covered with thisForest
86%
Country with a similar flag:
Austria
84%
Latvia has the second _____ people in the world, trailing only the NetherlandsTallest
82%
Currency of LatviaEuro
79%
Most popular sportIce Hockey
74%
Latvian explorer Aleksandrs Laime is the first recorded human to reach this
South American waterfall on foot
Angel Falls
71%
Country that controlled Latvia's northeastern parts between 1629–1721Sweden
70%
Branch of Protestantism which is the largest Christian denomination in the countryLutheran
68%
It has been claimed that Latvia's capital has the largest collection of buildings
built in this architectural style
Art {Nouveau}
46%
Latvia's capital was part of this trade confederation of the Middle Ages{Hanseatic} League
46%
Latvian basketball player who was named an NBA all-star in 2018Kristaps {Porziņģis}
26%
Series of events that led to the independence of Latvia and two of its neighbors{Singing} Revolution
18%
Language, starting with L, whose last native speaker died in 2013Livonian
18%

Score Distribution

Percentile by Number Answered

Percent of People with Each Score

Your Score History

You have not taken this quiz since the last reset